Faith No More: "Epic" Lyrics - Statistics

General Stats
  • This quiz has been taken 16 times
  • The average score is 109 of 190
Answer Stats
Answer % Correct
a
100%
but
100%
Can
100%
can
100%
can't,
100%
can't
100%
have
100%
is
100%
it,
100%
it
100%
it.
100%
it?
100%
What
100%
you
100%
You
100%
feel
86%
want
86%
win,
86%
all
71%
in
57%
it's
57%
It's
57%
no
57%
see
57%
so
57%
and
43%
do
43%
hear
43%
of
43%
taste
43%
the
43%
to
43%
your
43%
feels
29%
good,
29%
got
29%
grab
29%
groovy,
29%
hip,
29%
If
29%
lie,
29%
off
29%
out
29%
sight,
29%
some
29%
then
29%
touch
29%
anyway.
14%
dare
14%
difference
14%
doesn't
14%
down
14%
face
14%
fast,
14%
feet.
14%
glass.
14%
knocks
14%
like
14%
loss,
14%
magic,
14%
makes
14%
more,
14%
on
14%
sin,
14%
smell
14%
sweet,
14%
too
14%
will
14%
afraid,
0%
alive,
0%
bare
0%
bitter
0%
bleeding,
0%
'cause
0%
cool,
0%
crying,
0%
dark,
0%
floor,
0%
happened
0%
happens
0%
lay
0%
lying
0%
matter
0%
moist,
0%
never
0%
pain,
0%
right,
0%
sad
0%
shame.
0%
share
0%
tear
0%
today?
0%
tragic,
0%
understand
0%
walking
0%
you've
0%
No matching quizzes found
Score Distribution
Percent of People with Each Score
Percentile by Number Answered
Your Score History
You have not taken this quiz